000 01565nam a22002537a 4500
003 OSt
005 20260511170513.0
008 260511b |||||||| |||| 00| 0 eng d
020 _a9781785924224
040 _aKenya National Library Service
082 _a616.8914 HAW
100 _aHawkins, Peter
_eAuthor
245 _aIntegrative psychotherapy in theory and practice /
_cPeter Hawkins, Judy Ryde.
300 _a335 pages :
_billustrations ;
_c23 cm.
504 _aIncludes bibliographical references and index.
520 _aBringing together relational, systemic and ecological approaches, this pioneering book outlines a valuable integrative psychotherapeutic method and presents the core steps for implementing it into practice. The book provides a robust examination of the historical roots and theoretical underpinnings of the approach, alongside insights from contemporary neuroscience. The authors also offer a clear framework for carrying out integrative work, weaving together relational, systemic and ecological threads. Case studies highlight the practical applications of the method, and chapters on practice, ethics, supervision, and training provide a springboard for psychotherapy and counselling professionals and students to take forward the lessons offered and implement them in practice.
650 _aPsychotherapy.
650 _aMental disorders .
650 _aNeuropsychiatry.
700 _aRyde, Judy
_eAuthor
942 _2ddc
_cBK
_n0
999 _c492685
_d492685